Online Catalogue and eLibrary

Marxism 1844-1990 : (Record no. 2767)

MARC details
000 -LEADER
fixed length control field 00429nam a2200169Ia 4500
005 - DATE AND TIME OF LATEST TRANSACTION
control field 20240520052500.0
008 - FIXED-LENGTH DATA ELEMENTS--GENERAL INFORMATION
fixed length control field 240331s9999 xx 000 0 und d
020 ## - INTERNATIONAL STANDARD BOOK NUMBER
ISBN 0415906547
082 ## - DDC Classification
Item Number - Author Mark GOT
Class No. 335.4
100 ## - MAIN ENTRY--PERSONAL NAME
Personal name Gottlieb, s. Roger
245 #0 - TITLE STATEMENT
Title Marxism 1844-1990 :
Remainder of title origins, betrayal,rebirth
260 ## - PUBLICATION, DISTRIBUTION, ETC.
Place of publication, distribution, etc. New York
Name of publisher, distributor, etc. Routledge
Date of publication, distribution, etc. 1992
300 ## - PHYSICAL DESCRIPTION
Extent (e.g. Volumes, Pages etc.) xvii, 248 p .,
650 ## - SUBJECT ADDED ENTRY--TOPICAL TERM
Topical term or geographic name entry element Socialism
650 ## - SUBJECT ADDED ENTRY--TOPICAL TERM
Topical term or geographic name entry element History
942 ## - Koha item type (Biblio)
Koha item type Books in Stacks (Lending)
Holdings
Lost status Damaged status Collection code Home library Current library Shelving location Date acquired Full call number Accession Number Item type
    Lending WERC Library WERC Library Social Science Cupboard 03/31/2024 335.4 GOT 3842 Books in Stacks (Lending)

© WERC Library